| 000 | 01164nam0a22003011 4500 | ||
|---|---|---|---|
| 001 | v19\rc\1920555 | ||
| 005 | 20251118180820.5 | ||
| 035 | _a(NLR Aleph) 005024749 | ||
| 090 |
_a6627204 _c6627204 |
||
| 100 | _a20080404d1912 u y0rusy50 ca | ||
| 101 | 0 | _arus | |
| 102 | _aRU | ||
| 105 | _ay z ||||| | ||
| 200 | 1 |
_aПо новому _aКак можно стать знаменитостью _aAu rebous _aБест _aВ жару _aВариации _aЯ и Боря _aМузыка _aГедда Габлер _aАнгличанин _fСергей Горный |
|
| 210 |
_aСанкт-Петербург _cМ.Г. Корнфельд _d1912 |
||
| 215 |
_a60 с. _d15 |
||
| 225 | 1 |
_aДешевая юмористическая библиотека "Сатирикона" _vВып. 80 |
|
| 700 | 1 |
_aГорный _bС. _f1882-1949 _gСергей |
|
| 790 | 1 |
_aГорный _bС.А. _f1882-1949 _gСергей Авдеевич |
|
| 801 | 0 |
_aRU _bNLR _gpsbo |
|
| 801 | 0 |
_aRU _bRuMoRGB _2psbo |
|
| 801 | 1 |
_aRU _bProSoft-M _2rusmarc |
|
| 852 |
_aNLR _j37.33.10.1(80) |
||
| 899 |
_aRuMoRGB _jU 85/369 (вып. 80) |
||
| 899 |
_aRuMoRGB _jМК |
||
| 942 | _cBOOK | ||
| 980 | _aNB | ||